|
|
|
|
| LEADER |
00000cam a2200000 7i4500 |
| 001 |
0000007317 |
| 005 |
20071119.0 |
| 040 |
|
|
|a INS
|
| 090 |
0 |
0 |
|a THESIS 11
|
| 100 |
0 |
|
|a Ong Aun Kung
|
| 245 |
1 |
4 |
|a The application of multiple regression analysis to real estate appraisal
|c by Ong Aun Kung
|
| 260 |
|
|
|a University of Reading ,
|c 1981
|
| 300 |
|
|
|a 87p. ;
|c 30cm.
|
| 500 |
|
|
|a Digital document is available on-line; Please click the URL below
|
| 500 |
|
|
|a Dissertation(M. Sc. in urban Land Appraisal) - University of Reading, Department of Land Management and Development, Faculty of Urban and Regional Studies
|
| 650 |
0 |
0 |
|a Multiple regression analysis
|
| 650 |
0 |
0 |
|a Valuation method
|
| 856 |
|
|
|u http://app.inspen.gov.my:7779/pls/portal/docs/PAGE/CORPORATEPAGES/PORTAL_INSPEN/THESIS_INSPEN/D.PDF
|
| 999 |
|
|
|a THE0000014
|b BOOK
|c Thesis
|e Default branch
|
| 999 |
|
|
|a THE0000051
|b BOOK
|c Thesis
|e Default branch
|